UBT Library

Hapja Deres ne Menyre Automatike permes Smartphone Android (Record no. 45298)

000 -LEADER
fixed length control field 00301nam a22001217a 4500
008 - FIXED-LENGTH DATA ELEMENTS--GENERAL INFORMATION
fixed length control field 180419b xxu||||| |||| 00| 0 eng d
041 ## - LANGUAGE CODE
Language code of text/sound track or separate title eng
080 ## - UNIVERSAL DECIMAL CLASSIFICATION NUMBER
Universal Decimal Classification number 043.3
100 ## - Rafti
Rafti 0
101 ## - Shkurtesa
Shkurtesa MEK-BTH
245 ## - TITLE STATEMENT
Title Hapja Deres ne Menyre Automatike permes Smartphone Android
Statement of responsibility, etc Hasaj, A
942 ## - ADDED ENTRY ELEMENTS (KOHA)
Source of classification or shelving scheme
Item type Books
Holdings
Withdrawn status Lost status Source of classification or shelving scheme Damaged status Not for loan Collection code Permanent location Current location Shelving location Date acquired Total Checkouts Full call number Barcode Date last seen Price effective from Koha item type
          Koleksioni i përgjithshem UBT - Lipjan UBT - Lipjan Koleksioni i përgjithshem 04/19/2018   043.3 Hasaj, A 2017 MEK 002-30021494 04/19/2018 04/19/2018 Books
          Koleksioni i përgjithshem UBT - Lipjan UBT - Lipjan Koleksioni i përgjithshem 04/19/2018   043.3 Hasaj, A 2017 MEK 002-30021499 04/19/2018 04/19/2018 Books
          Koleksioni i përgjithshem UBT - Lipjan UBT - Lipjan Koleksioni i përgjithshem 04/19/2018   043.3 Hasaj, A 2017 MEK 002-30021498 04/19/2018 04/19/2018 Books
          Koleksioni i përgjithshem UBT - Lipjan UBT - Lipjan Koleksioni i përgjithshem 04/19/2018   043.3 Hasaj, A 2017 MEK 002-30021497 04/19/2018 04/19/2018 Books
UBT Library © 2015-2024. All rights reserved University Education for Business and Technology